000
00306nam a2200109Ia 4500
008
171211s9999 xx 000 0 und d
245
_a
50 Things You Can Do Today to Manage Hay Fever
245
_c
Wendy Green
260
_c
2011
650
_x
FITNESS
856
_u
http://down.ebook777.com/062/1849530173.pdf
999
_c
349068
_d
349068